País vulnerable ¿hasta cuándo?
Enregistré dans:
| Format: | Texte |
|---|---|
| Sujets: | |
| Tags: |
Ajouter un tag
Pas de tags, Soyez le premier à ajouter un tag!
|
MARC
| LEADER | 00000 a a2200000 04500 | ||
|---|---|---|---|
| 001 | 6857 | ||
| 003 | |||
| 040 | |||
| 245 | |a País vulnerable ¿hasta cuándo? | ||
| 650 | |a DESASTRES NATURALES | ||
| 650 | |a EL SALVADOR | ||
| 773 | |g volumen 28, número 1256; páginas 8-9 | ||
| 999 | |c 27565 |d 27565 | ||
